[Event "KasparovChess Cadet GP net"]
[Site "?"]
[Date "2000.01.13"]
[EventDate "2000.01.09"]
[Round "2"]
[Result "1-0"]
[White "Bu Xiangzhi"]
[Black "Zahar Efimenko"]
[WhiteElo "2565"]
[BlackElo "2332"]
[PlyCount "97"]

1. d4 Nf6 2. c3 g6 3. Nf3 Bg7 4. Bg5 O-O 5. Nbd2 d5 6. e3 Nbd7
7. Bd3 b6 8. O-O Bb7 9. Bc2 Ne4 10. Nxe4 dxe4 11. Nd2 f5
12. f3 exf3 13. Nxf3 Nf6 14. Nd2 c5 15. Qe2 Qc7 16. Bf4 Qc6
17. Nf3 Nd5 18. Bb3 e6 19. Be5 Bh6 20. Bxd5 Qxd5 21. Bf4 Bg7
22. Be5 c4 23. Bxg7 Kxg7 24. Ne5 Rac8 25. Rf4 Qd8 26. Raf1 Bd5
27. h3 Qg5 28. Kh2 b5 29. Qf2 Qe7 30. Qg3 a5 31. h4 b4
32. R1f2 Rb8 33. e4 Bxe4 34. Nxc4 Qc7 35. Ne5 Rbc8 36. cxb4
Qd6 37. h5 Qxd4 38. Nxg6 Rg8 39. Ne7+ Kf7 40. Nxg8 Rxg8
41. Qc3 Qd6 42. Qd2 Qc7 43. b5 Ke8 44. Qc3 Qb8 45. g3 Qxb5
46. Rxe4 fxe4 47. Qc8+ Ke7 48. Qc7+ Ke8 49. Qf7+ 1-0

[Event "KasparovChess Cadet GP net"]
[Site "?"]
[Date "2000.01.14"]
[EventDate "2000.01.09"]
[Round "3"]
[Result "1/2-1/2"]
[White "Bu Xiangzhi"]
[Black "Teimour Radjabov"]
[WhiteElo "2565"]
[BlackElo "2459"]
[PlyCount "141"]

1. d4 e6 2. c4 f5 3. Nc3 Nf6 4. g3 d5 5. Bg2 c6 6. Nf3 Bd6
7. O-O O-O 8. b3 Nbd7 9. Bf4 Bxf4 10. gxf4 Ne4 11. Qc2 Kh8
12. e3 Ndf6 13. Ne5 Bd7 14. Ne2 Be8 15. Ng3 Nd6 16. Rac1 Nd7
17. f3 Nf6 18. Rf2 Rc8 19. Bf1 h6 20. a4 Rc7 21. Qd2 Rg8
22. cxd5 cxd5 23. Rxc7 Qxc7 24. Qc2 Qe7 25. Rg2 g5 26. fxg5
hxg5 27. Bd3 Nf7 28. Nxf7+ Bxf7 29. Qc3 Qd6 30. Rc2 Be8
31. Qc7 Qxc7 32. Rxc7 Rg7 33. Rc8 Re7 34. e4 fxe4 35. fxe4
dxe4 36. Nxe4 Nxe4 37. Bxe4 Kg7 38. a5 Kf6 39. Kf2 Bg6 40. Bf3
e5 41. dxe5+ Kxe5 42. Rc5+ Kf4 43. Rb5 Be4 44. Rb4 b6 45. axb6
axb6 46. Rxb6 Bxf3 47. Rf6+ Kg4 48. Rxf3 Rc7 49. Kg2 Rb7
50. Rc3 Rb8 51. Rc4+ Kh5 52. b4 Rb7 53. Kf3 Ra7 54. Rc3 Ra2
55. Rc8 Rb2 56. Rb8 Kg6 57. h3 Rb1 58. Kg3 Rg1+ 59. Kf2 Rb1
60. Kf3 Rf1+ 61. Kg4 Rg1+ 62. Kf3 Rf1+ 63. Kg2 Rb1 64. b5 Rb2+
65. Kf1 Rb1+ 66. Ke2 Rb3 67. b6 Kg7 68. Kd2 Rxh3 69. Kc2 Rh6
70. Kd3 g4 71. Ke3 1/2-1/2

[Event "Bled op 21st"]
[Site "Bled"]
[Date "2000.03.26"]
[EventDate "2000.03.25"]
[Round "2"]
[Result "1-0"]
[White "Bu Xiangzhi"]
[Black "Franz Hoelzl"]
[WhiteElo "2565"]
[BlackElo "2398"]
[PlyCount "51"]

1. d4 Nf6 2. c4 e6 3. Nc3 Bb4 4. e3 c5 5. Nge2 cxd4 6. exd4
O-O 7. a3 Be7 8. Nf4 d5 9. Be3 dxc4 10. Bxc4 Nbd7 11. Ba2 Nb6
12. Qf3 Rb8 13. O-O Bd7 14. d5 e5 15. Nh5 Nxh5 16. Qxh5 Bf6
17. Ne4 Bb5 18. Rfd1 g6 19. Qf3 Bg7 20. Bc5 f5 21. Bxf8 Qxf8
22. d6+ Kh8 23. Ng5 e4 24. Qf4 h6 25. Ne6 Qf6 26. d7 1-0

[Event "Reykjavik op19"]
[Site "ISL"]
[Date "2000.04.06"]
[EventDate "2000.04.05"]
[Round "2"]
[Result "1-0"]
[White "Bu Xiangzhi"]
[Black "Andrea Drei"]
[WhiteElo "2565"]
[BlackElo "2351"]
[PlyCount "79"]

1. d4 Nf6 2. c4 e6 3. g3 d5 4. Bg2 dxc4 5. Nf3 Nc6 6. O-O Rb8
7. a4 a6 8. Nc3 Bb4 9. Re1 Nd5 10. Qc2 Be7 11. Rd1 O-O 12. e4
Ncb4 13. Qb1 Nxc3 14. bxc3 Nd3 15. Nd2 Nxc1 16. Rxc1 e5
17. Nf3 exd4 18. cxd4 b5 19. axb5 axb5 20. d5 Bd7 21. e5 Bc5
22. Qe4 Qe7 23. Ra6 Rfe8 24. h4 g6 25. Qf4 Ba3 26. Re1 Bb4
27. Re2 Bc3 28. Ra7 Rbc8 29. h5 Rf8 30. Qh6 f6 31. d6 Qg7
32. Qe3 Bxe5 33. h6 Qf7 34. Nxe5 fxe5 35. Qxe5 Rce8 36. Bd5
Rxe5 37. Rxe5 Qxd5 38. Rxd5 c6 39. Re5 Rd8 40. Re7 1-0

[Event "Reykjavik op19"]
[Site "ISL"]
[Date "2000.04.08"]
[EventDate "2000.04.05"]
[Round "4"]
[Result "1-0"]
[White "Bu Xiangzhi"]
[Black "Heikki Westerinen"]
[WhiteElo "2565"]
[BlackElo "2392"]
[PlyCount "91"]

1. d4 e6 2. c4 c5 3. d5 exd5 4. cxd5 d6 5. Nc3 Ne7 6. e4 Ng6
7. f4 Be7 8. Nf3 Bf6 9. Be2 O-O 10. O-O Nd7 11. Kh1 a6 12. a4
Re8 13. Qc2 Rb8 14. Rb1 Qc7 15. Nd2 Bd4 16. Nc4 Nf6 17. Bd3
Bd7 18. Ne2 b5 19. axb5 axb5 20. Na3 Qb6 21. b3 Rbc8 22. h3
Qa5 23. Kh2 Re7 24. g4 Rce8 25. Ng3 Bxg4 26. Nxb5 Qd8 27. Nxd4
cxd4 28. hxg4 Nxg4+ 29. Kg2 Rc7 30. Qe2 Ne3+ 31. Bxe3 dxe3
32. Qxe3 Rc3 33. Nf5 Qf6 34. Qg3 Rxe4 35. Bxe4 Rxg3+ 36. Kxg3
h5 37. b4 Qc3+ 38. Rf3 Qc4 39. Nxd6 h4+ 40. Kh3 Qe2 41. Rbf1
Ne7 42. b5 f5 43. Bd3 Qa2 44. b6 g6 45. b7 Qa7 46. Ra1 1-0

[Event "Reykjavik op19"]
[Site "ISL"]
[Date "2000.04.09"]
[EventDate "2000.04.05"]
[Round "5"]
[Result "1/2-1/2"]
[White "Torsten Sarbok"]
[Black "Bu Xiangzhi"]
[WhiteElo "2285"]
[BlackElo "2565"]
[PlyCount "93"]

1. e4 c5 2. Nf3 Nc6 3. d4 cxd4 4. Nxd4 Nf6 5. Nc3 d6 6. Bg5 e6
7. Qd2 a6 8. Nxc6 bxc6 9. O-O-O Qa5 10. Bc4 Bb7 11. Rhe1 Nd7
12. f4 Qb4 13. Qe2 h6 14. Bh4 g5 15. fxg5 Be7 16. a3 Qa5
17. Bg3 Qxg5+ 18. Kb1 Ne5 19. Bb3 O-O 20. Qf1 Rad8 21. Bf4 Qf6
22. Re3 Kg7 23. Ne2 Rh8 24. Rg3+ Kf8 25. Bxe5 Qxe5 26. Rf3 Rh7
27. Nf4 Kg8 28. Rg3+ Rg7 29. Rxg7+ Kxg7 30. Qf3 Rf8 31. Qg4+
Kh8 32. Rf1 Qxe4 33. Qh5 Kh7 34. Qa5 Bd8 35. Qh5 Qf5 36. Qd1
d5 37. Nxd5 Qe5 38. Nf4 Bf6 39. Nd3 Qg5 40. Qf3 Bg7 41. Qe4+
Kh8 42. Bc4 Qe7 43. Qe3 Qd6 44. Rf4 Bc8 45. g4 f6 46. h3 e5
47. Rf1 1/2-1/2

[Event "Reykjavik op19"]
[Site "ISL"]
[Date "2000.04.10"]
[EventDate "2000.04.05"]
[Round "6"]
[Result "1-0"]
[White "Bu Xiangzhi"]
[Black "Helgi Ass Gretarsson"]
[WhiteElo "2565"]
[BlackElo "2544"]
[PlyCount "77"]

1. d4 d5 2. Nf3 Nf6 3. c4 c6 4. Nc3 dxc4 5. a4 Na6 6. e3 Bg4
7. Bxc4 e6 8. O-O Nb4 9. h3 Bh5 10. Qe2 Be7 11. Rd1 O-O 12. g4
Bg6 13. Ne5 c5 14. h4 cxd4 15. exd4 Nfd5 16. h5 Bc2 17. Rd2
Nf4 18. Qf3 Bg5 19. Na2 Nfd5 20. Nxb4 Nxb4 21. Re2 Bd1
22. Bxg5 Bxe2 23. Qe3 Qd6 24. Qxe2 f6 25. Nd7 Rfe8 26. Nxf6+
gxf6 27. Bxf6 Nd5 28. Be5 Qb4 29. Bxd5 exd5 30. Qf3 Qf8
31. Qxd5+ Qf7 32. Qe4 Rac8 33. Ra3 Rc1+ 34. Kg2 Qc4 35. Qf5
Rxe5 36. dxe5 Qf1+ 37. Kg3 Qg1+ 38. Kh4 Rc7 39. Qg5+ 1-0

[Event "Reykjavik op19"]
[Site "ISL"]
[Date "2000.04.11"]
[EventDate "2000.04.05"]
[Round "7"]
[Result "0-1"]
[White "Larry Mark Christiansen"]
[Black "Bu Xiangzhi"]
[WhiteElo "2596"]
[BlackElo "2565"]
[PlyCount "76"]

1. d4 Nf6 2. c4 c5 3. d5 e6 4. Nc3 exd5 5. cxd5 d6 6. e4 g6
7. Bd3 Bg7 8. Nge2 O-O 9. O-O a6 10. a4 Nbd7 11. Ng3 Re8
12. h3 Rb8 13. Bg5 Qc7 14. Rc1 c4 15. Be2 b5 16. axb5 axb5
17. b4 h6 18. Be3 h5 19. f3 h4 20. Nh1 Nh5 21. Qd2 Ne5 22. f4
Nd3 23. Nxb5 Qd7 24. Rxc4 Ba6 25. Nxd6 Qxd6 26. Rc6 Qxb4
27. Rxa6 Rxe4 28. Bxd3 Rxe3 29. Qxb4 Rxb4 30. Rd1 Rd4 31. Nf2
Nxf4 32. Bc2 Rxd1+ 33. Nxd1 Re2 34. Bb3 Bd4+ 35. Kf1 Rxg2
36. Ke1 Nd3+ 37. Kf1 Rg1+ 38. Ke2 Nc1+ 0-1

[Event "Reykjavik op19"]
[Site "ISL"]
[Date "2000.04.12"]
[EventDate "2000.04.05"]
[Round "8"]
[Result "1/2-1/2"]
[White "Bu Xiangzhi"]
[Black "Nigel Short"]
[WhiteElo "2565"]
[BlackElo "2683"]
[PlyCount "50"]

1. d4 e6 2. c4 Nf6 3. Nc3 Bb4 4. e3 c5 5. Nge2 cxd4 6. exd4
O-O 7. a3 Be7 8. Nf4 Re8 9. Be3 d6 10. Be2 Nbd7 11. O-O Nf8
12. b4 Ng6 13. Qb3 Nh4 14. Rad1 Bd7 15. f3 b6 16. Bf2 Ng6
17. Nxg6 hxg6 18. a4 Qb8 19. b5 Qc7 20. Rc1 Bc8 21. a5 bxa5
22. Na4 Bb7 23. c5 Bd5 24. Qb2 Nh5 25. Rfd1 dxc5 1/2-1/2

[Event "Lausanne m-1"]
[Site "Lausanne SUI"]
[Date "2001.??.??"]
[EventDate "2001.05.20"]
[Round "3.1"]
[Result "1-0"]
[White "Ruslan Ponomariov"]
[Black "Bu Xiangzhi"]
[WhiteElo "2673"]
[BlackElo "2558"]
[PlyCount "73"]

1. e4 c5 2. Nf3 d6 3. d4 cxd4 4. Nxd4 Nf6 5. Nc3 Nc6 6. Bg5 e6
7. Qd2 a6 8. O-O-O h6 9. Nxc6 bxc6 10. Bf4 d5 11. Qe3 Qa5
12. Be2 Bb4 13. Be5 dxe4 14. Qg3 Bxc3 15. Bc7 Bxb2+ 16. Kxb2
Qb4+ 17. Ka1 Nd5 18. Qxg7 Qf8 19. Qd4 Bd7 20. Bg3 Rg8 21. c4
c5 22. Qb2 Nb4 23. a3 Nd3 24. Bxd3 exd3 25. Rxd3 Qg7 26. Be5
Qxg2 27. Rhd1 Ba4 28. Bf6 Kf8 29. Rd8+ Be8 30. Qb6 Rg6 31. Bb2
Rxd8 32. Qxc5+ Rd6 33. Qxd6+ Kg8 34. Qe5 f5 35. Qh8+ Kf7
36. Be5 Ba4 37. Rb1 1-0

[Event "National Open"]
[Site "Las Vegas, NV USA"]
[Date "2001.03.10"]
[EventDate "2001.03.09"]
[Round "4"]
[Result "0-1"]
[White "Bu Xiangzhi"]
[Black "Vladimir Eduardovich Akopian"]
[WhiteElo "2558"]
[BlackElo "2656"]
[PlyCount "132"]

1. d4 Nf6 2. c4 e6 3. Nc3 Bb4 4. e3 c5 5. Nge2 b6 6. a3 Ba5
7. Rb1 Na6 8. Qa4 Bb7 9. b4 Bc6 10. Qb3 cxb4 11. axb4 Nxb4
12. Ng3 d5 13. Bd2 O-O 14. f3 dxc4 15. Bxc4 Nbd5 16. Kf2 Bxc3
17. Bxc3 Ba4 18. Qa3 Rc8 19. Bxd5 Nxd5 20. Rhc1 b5 21. Bb4
Nxb4 22. Qxb4 a5 23. Qa3 Qd7 24. Ne4 Bc2 25. Nc5 Rxc5 26. Qxc5
Bxb1 27. Rxb1 Rb8 28. Rc1 h6 29. g4 Qd8 30. Ra1 Rc8 31. Qxb5
Rc2+ 32. Kg3 Qc7+ 33. Qe5 Qc4 34. Rxa5 Qe2 35. Kf4 Qxh2+
36. Ke4 Qf2 37. Rc5 Re2 38. Qf4 Qg1 39. Ke5 Qxe3+ 40. Qxe3
Rxe3+ 41. Kf4 Rd3 42. Ke4 Rd1 43. Ke3 Kh7 44. Rc4 Kg6 45. Ke2
Ra1 46. Rc5 Ra2+ 47. Ke3 Ra3+ 48. Ke4 Ra4 49. Ke3 f5 50. Rc6
fxg4 51. fxg4 Kf7 52. Rc5 Kf6 53. Rc6 Ra3+ 54. Ke4 Rg3 55. Kf4
Rd3 56. Ke4 Rd1 57. Ra6 g6 58. Rb6 Re1+ 59. Kf3 Kg5 60. Rb5+
Kh4 61. Rb6 Rf1+ 62. Ke2 Rf6 63. Ke3 Kxg4 64. Ke4 Kg5 65. Rc6
h5 66. Ke5 Rf5+ 0-1

[Event "US-China Summit"]
[Site "Seattle USA"]
[Date "2001.03.18"]
[EventDate "2001.03.14"]
[Round "4"]
[Result "0-1"]
[White "Vinay Bhat"]
[Black "Bu Xiangzhi"]
[WhiteElo "2415"]
[BlackElo "2558"]
[PlyCount "64"]

1. e4 c5 2. Nc3 Nc6 3. f4 g6 4. Nf3 Bg7 5. Bb5 Nd4 6. O-O Nxb5
7. Nxb5 d6 8. d3 a6 9. Nc3 b5 10. Qe1 Bb7 11. f5 Nf6 12. Qh4
Qd7 13. Bh6 Bxh6 14. Qxh6 Rg8 15. Ng5 gxf5 16. Rxf5 Rg6
17. Qh4 O-O-O 18. Raf1 Rdg8 19. g3 h6 20. Nh3 Kb8 21. Ne2 Ka7
22. b3 Qc6 23. Nc3 c4 24. Nd5 Qc5+ 25. Nf2 Nxd5 26. exd5 cxd3
27. b4 Qe3 28. Rxf7 dxc2 29. Qf4 Qxf4 30. Rxf4 Bxd5 31. Rc1
Rc8 32. Ng4 e5 0-1

[Event "TCh-CHN Men"]
[Site "Suzhou, Jiangsu CHN"]
[Date "2001.03.26"]
[EventDate "2001.03.02"]
[Round "1"]
[Result "1-0"]
[White "Bu Xiangzhi"]
[Black "Hu Zhiya"]
[WhiteElo "2558"]
[BlackElo "2253"]
[PlyCount "41"]

1. d4 d5 2. c4 e6 3. Nc3 Nf6 4. Bg5 Be7 5. e3 c6 6. Qc2 Nbd7
7. cxd5 Nxd5 8. Bxe7 Qxe7 9. Nf3 b6 10. Nxd5 cxd5 11. Bd3 Qb4+
12. Ke2 Nf6 13. Qc6+ Nd7 14. Qxa8 O-O 15. Qxa7 Qxb2+ 16. Nd2
Qb4 17. Rhc1 Qd6 18. Qc7 Qe7 19. Bb5 Rd8 20. Nf3 Kf8 21. Qxc8
1-0

[Event "TCh-CHN Men"]
[Site "Suzhou, Jiangsu CHN"]
[Date "2001.03.27"]
[EventDate "2001.03.02"]
[Round "2"]
[Result "0-1"]
[White "Li Qun"]
[Black "Bu Xiangzhi"]
[WhiteElo "2343"]
[BlackElo "2558"]
[PlyCount "86"]

1. e4 c5 2. Nf3 Nc6 3. c3 d5 4. exd5 Qxd5 5. d4 Bg4 6. Be2
cxd4 7. cxd4 e6 8. h3 Bh5 9. Nc3 Qd6 10. O-O Nf6 11. a3 Be7
12. Qb3 O-O 13. Rd1 Rfd8 14. Be3 a6 15. Rd2 b5 16. d5 Na5
17. Qa2 Bxf3 18. Bxf3 Nc4 19. Rdd1 Nxe3 20. fxe3 e5 21. e4
Rdc8 22. Qb3 Rc4 23. Kh1 Rac8 24. Rac1 Nd7 25. Bg4 Nc5
26. Qxc4 bxc4 27. Bxc8 h5 28. Rc2 Bh4 29. Kh2 Qd8 30. g3 Bf6
31. d6 Qxc8 32. Nd5 Qd8 33. Nxf6+ Qxf6 34. d7 Ne6 35. Rd6 Qe7
36. Rxe6 fxe6 37. Rd2 Qd8 38. Kg2 Kf7 39. g4 hxg4 40. hxg4 Ke7
41. Kg3 g5 42. Kg2 Qxd7 43. Rxd7+ Kxd7 0-1

[Event "TCh-CHN Men"]
[Site "Suzhou, Jiangsu CHN"]
[Date "2001.03.29"]
[EventDate "2001.03.02"]
[Round "4"]
[Result "0-1"]
[White "Liang Qiao"]
[Black "Bu Xiangzhi"]
[WhiteElo "2376"]
[BlackElo "2558"]
[PlyCount "86"]

1. e4 c5 2. Nf3 Nc6 3. d4 cxd4 4. Nxd4 Nf6 5. Nc3 d6 6. Bc4
Qb6 7. Nb3 e6 8. Bg5 a6 9. Bxf6 gxf6 10. Be2 Qc7 11. O-O b5
12. Bh5 Bb7 13. Qg4 O-O-O 14. Qh3 Kb8 15. f4 Rg8 16. Rf2 b4
17. Ne2 a5 18. a4 bxa3 19. bxa3 a4 20. Nd2 d5 21. Kh1 dxe4
22. Nxe4 f5 23. N4g3 Rd2 24. Rff1 Ka8 25. Bf3 Rg6 26. Rab1 Rh6
27. Nh5 Bxa3 28. Ra1 Qd6 29. Qg3 Rg6 30. Qe1 Rxc2 31. Nhg3 Kb8
32. Qb1 Rb2 33. Qc1 Rb3 34. Qc4 Qb4 35. Qc2 Rg8 36. Rfd1 Rc8
37. Rd7 Rxf3 38. gxf3 Ne5 39. Rxb7+ Qxb7 40. Qb1 Nc4 41. Qf1
Ne3 42. Qf2 Nc2 43. Rd1 Bc5 0-1

[Event "TCh-CHN Men"]
[Site "Suzhou, Jiangsu CHN"]
[Date "2001.03.31"]
[EventDate "2001.03.02"]
[Round "6"]
[Result "1-0"]
[White "Xiaomin Peng"]
[Black "Bu Xiangzhi"]
[WhiteElo "2648"]
[BlackElo "2558"]
[PlyCount "61"]

1. e4 c5 2. Nf3 Nc6 3. Bb5 g6 4. O-O Bg7 5. c3 Nf6 6. e5 Nd5
7. d4 cxd4 8. cxd4 O-O 9. Nc3 Nxc3 10. bxc3 d6 11. exd6 Qxd6
12. a4 Rd8 13. Bg5 Be6 14. Re1 Na5 15. Nd2 Qc7 16. Ne4 a6
17. Bd3 Bc4 18. Bxc4 Nxc4 19. Rb1 b6 20. Rb4 a5 21. Rb5 h6
22. Bh4 f5 23. Ng3 f4 24. Ne4 g5 25. Bxg5 hxg5 26. Rxg5 e6
27. Nf6+ Kf8 28. Nh5 Bh8 29. Qg4 Qh7 30. Qxe6 Nd6 31. Rg8+ 1-0

[Event "TCh-CHN Men"]
[Site "Suzhou, Jiangsu CHN"]
[Date "2001.04.04"]
[EventDate "2001.03.02"]
[Round "9"]
[Result "1-0"]
[White "Bu Xiangzhi"]
[Black "Zhao Jun"]
[WhiteElo "2558"]
[BlackElo "2396"]
[PlyCount "67"]

1. d4 Nf6 2. c4 c5 3. d5 e6 4. Nc3 exd5 5. cxd5 d6 6. e4 g6
7. f3 Bg7 8. Bg5 O-O 9. Qd2 Re8 10. Nge2 a6 11. a4 Nbd7
12. Ng3 Qa5 13. Ra3 h5 14. Be2 Nh7 15. Bf4 Ne5 16. O-O h4
17. Nh1 f5 18. Nf2 Bd7 19. Kh1 Rab8 20. Rg1 Qd8 21. g4 fxg4
22. Bxe5 Bxe5 23. f4 Bd4 24. Bxg4 Bxg4 25. Rxg4 Kf7 26. Ra1 b5
27. axb5 axb5 28. e5 dxe5 29. Qd3 Rb6 30. Nfe4 Nf8 31. f5 b4
32. Qf3 Kg8 33. fxg6 Qd7 34. d6 1-0

[Event "zt3.3"]
[Site "HeiBei CHN"]
[Date "2001.04.17"]
[EventDate "2001.04.16"]
[Round "2"]
[Result "1/2-1/2"]
[White "Wu Wenjin"]
[Black "Bu Xiangzhi"]
[WhiteElo "2570"]
[BlackElo "2558"]
[PlyCount "74"]

1. Nf3 c5 2. c4 Nc6 3. g3 g6 4. Nc3 Bg7 5. Bg2 a6 6. d3 d6
7. O-O Rb8 8. Bd2 b5 9. Qc1 Bd7 10. Rb1 Qc8 11. Re1 b4 12. Nd1
h6 13. e4 e6 14. Ne3 Nge7 15. Nf1 g5 16. Ne3 Ng6 17. Qd1 Qd8
18. b3 Kf8 19. Rf1 h5 20. Nc2 Bf6 21. Be3 e5 22. Qd2 g4
23. Nfe1 h4 24. f3 hxg3 25. hxg3 Nd4 26. Bxd4 exd4 27. f4 Rh5
28. Kf2 Kg7 29. Ke2 a5 30. a4 Qh8 31. Kd1 Ne7 32. Rb2 Nc8
33. Na1 Nb6 34. Kc1 Qe8 35. Qd1 Qg8 36. Kb1 Kf8 37. Rbf2 Re8
1/2-1/2

[Event "zt3.3"]
[Site "HeiBei CHN"]
[Date "2001.04.19"]
[EventDate "2001.04.16"]
[Round "4"]
[Result "1/2-1/2"]
[White "Rui Wang"]
[Black "Bu Xiangzhi"]
[WhiteElo "2526"]
[BlackElo "2558"]
[PlyCount "34"]

1. e4 e5 2. Bc4 Nf6 3. d3 c6 4. Qe2 Be7 5. Nf3 O-O 6. Bb3 d6
7. O-O Bg4 8. h3 Bxf3 9. Qxf3 Nbd7 10. Be3 Nc5 11. Nc3 Ne6
12. Rad1 h6 13. Qg3 Nh5 14. Qg4 Nf6 15. Qg3 Nh5 16. Qg4 Nf6
17. Qg3 Nh5 1/2-1/2

[Event "zt3.3"]
[Site "HeiBei CHN"]
[Date "2001.04.22"]
[EventDate "2001.04.16"]
[Round "7"]
[Result "1/2-1/2"]
[White "Zhao Jun"]
[Black "Bu Xiangzhi"]
[WhiteElo "2347"]
[BlackElo "2558"]
[PlyCount "94"]

1. e4 c5 2. Nf3 Nc6 3. Bb5 g6 4. Bxc6 dxc6 5. d3 Bg7 6. h3 e5
7. Nc3 Qe7 8. Be3 f6 9. Qd2 b6 10. O-O Qf7 11. a3 Ne7 12. b4
cxb4 13. axb4 Bb7 14. Qc1 O-O 15. Nd2 f5 16. f3 f4 17. Bf2 g5
18. Qb2 Kh8 19. Ra3 Rfd8 20. Rfa1 Nc8 21. Nc4 Rb8 22. Kf1 Ba8
23. Ke2 Qe6 24. Nb1 Rb7 25. Nbd2 h5 26. Ra6 Qe8 27. Qa2 Qe7
28. Nxb6 Nxb6 29. Rxa7 Rxa7 30. Qxa7 Nd7 31. Qc7 Bf6 32. c3 g4
33. Ra7 gxh3 34. gxh3 Qe8 35. Nc4 Qg8 36. Qd6 Qg7 37. Qe6 Nf8
38. Qf5 Be7 39. Nb6 Rd6 40. Nxa8 Rg6 41. Bc5 Rg2+ 42. Kf1 Rc2
43. Qxh5+ Kg8 44. Ke1 Qg2 45. Qg4+ Qxg4 46. hxg4 Bxc5 47. bxc5
Ne6 1/2-1/2

[Event "zt3.3"]
[Site "HeiBei CHN"]
[Date "2001.04.28"]
[EventDate "2001.04.16"]
[Round "12"]
[Result "1-0"]
[White "Bu Xiangzhi"]
[Black "Wang Zili"]
[WhiteElo "2558"]
[BlackElo "2580"]
[PlyCount "83"]

1. d4 Nf6 2. Nf3 c5 3. d5 g6 4. Nc3 Bg7 5. e4 d6 6. h3 O-O
7. Bd3 b5 8. Nxb5 Ba6 9. a4 c4 10. Bxc4 Nxe4 11. O-O Bb7
12. Re1 Nf6 13. Be3 a6 14. Nc3 Nbd7 15. a5 Qc7 16. Ra4 Rfe8
17. Bd4 Nc5 18. Ra3 Rac8 19. Ba2 Ncd7 20. Ra4 Bh6 21. Kh1 Qb8
22. Be3 Bg7 23. Qd2 Qa8 24. Bd4 Bf8 25. Be3 Rxc3 26. bxc3 Nxd5
27. Bh6 Nxc3 28. Bxf7+ Kxf7 29. Rf4+ Nf6 30. Bxf8 Ncd5
31. Bxe7 Rxe7 32. Ng5+ Kg7 33. Rxe7+ Nxe7 34. Qxd6 Bxg2+
35. Kg1 Ned5 36. Rxf6 Nxf6 37. Qe7+ Kh6 38. Nf7+ Kg7 39. Ne5+
Kh6 40. Qxf6 Bd5 41. Ng4+ Kh5 42. Qe5+ 1-0

[Event "zt3.3"]
[Site "HeiBei CHN"]
[Date "2001.04.29"]
[EventDate "2001.04.16"]
[Round "13"]
[Result "0-1"]
[White "Zhou Weiqi"]
[Black "Bu Xiangzhi"]
[WhiteElo "2310"]
[BlackElo "2558"]
[PlyCount "104"]

1. e4 c5 2. Nf3 Nc6 3. Bb5 g6 4. Bxc6 bxc6 5. e5 Bg7 6. O-O f6
7. Re1 fxe5 8. Nxe5 Nf6 9. d3 O-O 10. Bg5 Qc7 11. Nd2 Rb8
12. Rb1 d6 13. Nec4 Rf7 14. Qe2 Bg4 15. f3 Bd7 16. Kh1 Nd5
17. Nf1 e5 18. Qd2 Nf4 19. b4 d5 20. Nce3 cxb4 21. Rxb4 Rxb4
22. Qxb4 Ne6 23. Qh4 Nxg5 24. Qxg5 Rf4 25. Qg3 Qb6 26. Qf2 Rb4
27. c4 dxc4 28. dxc4 Rxc4 29. Qe2 Rd4 30. Nc2 Rd6 31. Nfe3 Qb5
32. Nc4 Rd5 33. N2a3 Qa6 34. Qb2 Qc8 35. Qb3 Be6 36. Qe3 Qd7
37. Nb2 Rd4 38. Nb1 Bxa2 39. Nc3 Be6 40. Ne4 Bf5 41. Qb3+ Qf7
42. Qb8+ Qf8 43. Qb3+ Kh8 44. Ng5 h6 45. Nf7+ Kh7 46. Nxe5 Qb4
47. Qxb4 Rxb4 48. Nbd3 Rb3 49. Nc5 Rb5 50. Ned7 Bxd7 51. Nxd7
a5 52. g4 a4 0-1

[Event "young masters"]
[Site "Lausanne SUI"]
[Date "2001.05.25"]
[EventDate "2001.05.20"]
[Round "3.2"]
[Result "1/2-1/2"]
[White "Bu Xiangzhi"]
[Black "Ruslan Ponomariov"]
[WhiteElo "2558"]
[BlackElo "2673"]
[PlyCount "80"]

1. d4 Nf6 2. c4 g6 3. Nc3 Bg7 4. e4 d6 5. f3 O-O 6. Be3 c5
7. Nge2 Nc6 8. Qd2 e6 9. O-O-O b6 10. d5 Ne5 11. Ng3 exd5
12. cxd5 a6 13. h3 b5 14. f4 Ned7 15. e5 dxe5 16. fxe5 Nxe5
17. Bxc5 Re8 18. Kb1 Bb7 19. a3 Rc8 20. Be3 Qa5 21. Be2 b4
22. axb4 Qxb4 23. Rhf1 Qb3 24. Rxf6 Bxf6 25. Nge4 Bg7 26. Nc5
Qb4 27. N3e4 Qxd2 28. Rxd2 Ba8 29. Nd6 Rxc5 30. Bxc5 Rd8
31. b4 Bh6 32. Rd1 Nd7 33. Bxa6 Bf8 34. Ne4 Nxc5 35. bxc5 f5
36. c6 Bxc6 37. dxc6 Rxd1+ 38. Kc2 Rd6 39. Nxd6 Bxd6 40. Kb3
Kf7 1/2-1/2

[Event "WJun"]
[Site "Athens GRE"]
[Date "2001.08.16"]
[EventDate "2001.08.16"]
[Round "1"]
[Result "1-0"]
[White "Bu Xiangzhi"]
[Black "Pontus Carlsson"]
[WhiteElo "2553"]
[BlackElo "2330"]
[PlyCount "119"]

1. d4 Nf6 2. c4 e6 3. Nc3 Bb4 4. e3 c5 5. Nge2 b6 6. a3 Ba5
7. Rb1 Na6 8. d5 Bb7 9. g3 b5 10. Bg2 bxc4 11. O-O Bxc3
12. Nxc3 Nxd5 13. Nxd5 exd5 14. Bxd5 Qb6 15. Qf3 Bxd5 16. Qxd5
Nc7 17. Qxc4 d5 18. Qa4+ Nb5 19. Qc2 O-O 20. b4 c4 21. a4 Nc7
22. Bb2 Ne6 23. Rfd1 Rfd8 24. Bd4 Qc7 25. b5 Rd7 26. Qc3 Qd8
27. a5 Rb8 28. Be5 Ra8 29. b6 axb6 30. axb6 Rb7 31. e4 Rxb6
32. Rxb6 Qxb6 33. exd5 Ng5 34. Kg2 f6 35. Bd4 Qb5 36. Be3 Rd8
37. Qd4 c3 38. Qxc3 Rxd5 39. Qc8+ Kf7 40. Qc7+ Kg6 41. Qc2+ f5
42. Rb1 Qd3 43. Rb6+ Kh5 44. Qxd3 Rxd3 45. Rb5 g6 46. h3 h6
47. Ra5 Rc3 48. h4 Nf7 49. Kh3 Rc4 50. Rd5 Rb4 51. Rc5 Ra4
52. Bd2 Rd4 53. Bc1 Rb4 54. Rd5 Rb3 55. Bd2 Ra3 56. Be3 Ra4
57. Bc5 Rc4 58. Be7 Rc3 59. Bf6 Rc4 60. Rd7 1-0

[Event "WJun"]
[Site "Athens GRE"]
[Date "2001.08.17"]
[EventDate "2001.08.16"]
[Round "2"]
[Result "0-1"]
[White "Marek Stryjecki"]
[Black "Bu Xiangzhi"]
[WhiteElo "2441"]
[BlackElo "2553"]
[PlyCount "64"]

1. d4 Nf6 2. c4 c5 3. d5 e6 4. Nc3 exd5 5. cxd5 d6 6. e4 g6
7. Bd3 Bg7 8. h3 O-O 9. Nf3 b5 10. Nxb5 Re8 11. O-O Nxe4
12. Re1 Ba6 13. Qa4 Nf6 14. Bg5 Qd7 15. Qa5 Rxe1+ 16. Rxe1 h6
17. Bh4 Nxd5 18. Be4 Bb7 19. Rd1 Nc6 20. Qd2 Ncb4 21. Nc3 Nxc3
22. Bxb7 Nxd1 23. Bxa8 Nxb2 24. Bg3 Nc4 25. Qd1 d5 26. a3 Nxa3
27. Ne5 Bxe5 28. Bxe5 Qe8 29. Bf6 Qxa8 30. Qc1 Qc6 31. Ba1
Nac2 32. Be5 Nd3 0-1

[Event "WJun"]
[Site "Athens GRE"]
[Date "2001.08.18"]
[EventDate "2001.08.16"]
[Round "3"]
[Result "1-0"]
[White "Bu Xiangzhi"]
[Black "Mika Karttunen"]
[WhiteElo "2553"]
[BlackElo "2466"]
[PlyCount "99"]

1. d4 d5 2. Nf3 Nf6 3. c4 c6 4. Nc3 dxc4 5. a4 Bf5 6. Ne5 Nbd7
7. Nxc4 Qc7 8. g3 e5 9. dxe5 Nxe5 10. Bf4 Nfd7 11. Qc1 Be6
12. Nxe5 Nxe5 13. Bg2 Bd6 14. O-O Nc4 15. Bxd6 Qxd6 16. Ne4
Qe5 17. b3 Na5 18. Qc5 Qxc5 19. Nxc5 Nxb3 20. Nxb3 Bxb3
21. Rfb1 Bd5 22. Bxd5 cxd5 23. Rxb7 O-O 24. Rc1 d4 25. Rd7
Rfd8 26. Rcc7 Rxd7 27. Rxd7 g6 28. Rxd4 Re8 29. e3 Re6 30. h4
Kg7 31. Kg2 h5 32. Rd5 Ra6 33. a5 Re6 34. Kf3 Kf6 35. Rc5 Rd6
36. e4 Ke6 37. Kf4 Rd2 38. Ke3 Kd6 39. Rxh5 Ra2 40. Rd5+ Ke6
41. f3 Ra3+ 42. Kf4 Ra4 43. g4 f6 44. g5 f5 45. Re5+ Kd6
46. h5 fxe4 47. Rxe4 Rxa5 48. hxg6 Rb5 49. g7 Rb8 50. Kf5 1-0

[Event "WJun"]
[Site "Athens GRE"]
[Date "2001.08.19"]
[EventDate "2001.08.16"]
[Round "4"]
[Result "1/2-1/2"]
[White "Zviad Izoria"]
[Black "Bu Xiangzhi"]
[WhiteElo "2486"]
[BlackElo "2553"]
[PlyCount "75"]

1. Nf3 Nf6 2. c4 c5 3. g3 g6 4. Bg2 Bg7 5. O-O Nc6 6. d4 cxd4
7. Nxd4 O-O 8. Nc3 Nxd4 9. Qxd4 d6 10. Qd3 Bf5 11. e4 Bd7
12. Be3 a6 13. Bd4 Bc6 14. Rfe1 Nd7 15. Bxg7 Kxg7 16. Rad1 Re8
17. b4 Qb6 18. Nd5 Bxd5 19. Qc3+ Kg8 20. exd5 a5 21. a3 axb4
22. axb4 Ra4 23. Rb1 Ra2 24. Rb2 Rxb2 25. Qxb2 Nc5 26. Qc3 Na6
27. Rb1 Ra8 28. h4 Nc5 29. h5 Ra2 30. h6 e5 31. dxe6 Nxe6
32. c5 dxc5 33. Bd5 c4 34. Qf6 Qd4 35. Qxd4 Nxd4 36. Bxc4 Ra8
37. Rd1 Rd8 38. Kg2 1/2-1/2